000 00850nam a2200253 a 4500
001 000017016
005 20200929165014.0
008 100312s1950 sp 000 d spa d
040 _aDO-SdBNP
_bspa
_cBNPHU
082 _a862.3
_bM845t, 1950
100 1 _aMoreto, Agustín,
_d1618-1669
_937573
245 1 0 _aTeatro /
_cMoreto ; edición, prólogo y notas de Narciso Alonso Cortés.
250 _a3a ed.
260 _aMadrid :
_bEspasa-Calpe,
_c1950.
300 _a254 p. ;
_c18 cm.
490 1 _aClásicos castellanos
_v32
504 _aIncluye referencias bibliográficas y notas al pie de las páginas
650 4 _aTeatro español
_93071
650 4 _aLiteratura española
_9632
700 1 _aCortés, Narciso Alonso,
_epról.
_937572
830 0 _aClásicos castellanos ;
_v32
_94180
910 _acatalogación por copia/WM
049 _aBNGR
999 _c16543
_d16543